| 000 | 00452nam a2200169Ia 4500 | ||
|---|---|---|---|
| 008 | 230917s9999||||xx |||||||||||||| ||und|| | ||
| 020 | _cRS595 | ||
| 040 |
_e230225 _aMAIN |
||
| 041 | _aEnglish | ||
| 082 | _a954.0072 A55H | ||
| 100 | _aAquil, Raziuddin, ed. | ||
| 245 | 0 | _aHistory in the vernacular | |
| 260 |
_aRanikhet _bPermanent Black _c2015 |
||
| 300 | _axiv498 p. | ||
| 500 | _a2248 08/01/2016 HBD15/1479 18/01/2016 Main Budget | ||
| 942 | _cBK | ||
| 999 |
_c17277 _d17277 |
||